Loading...
Mythology | 0 | 4 | 0 | 1 | 40 | 49 | 78.50 | 0 | 0 |
Science - Biology | 0 | 4 | 0 | 0 | 40 | 35 | 52.75 | 1 | 3 |
Science - Chemistry | 0 | 2 | 0 | 0 | 20 | 75 | 81.00 | 0 | 0 |
History - World History | 0 | 2 | 0 | 1 | 20 | 57 | 70.50 | 0 | 0 |
Literature - American Literature | 0 | 2 | 0 | 1 | 20 | 79 | 97.50 | 0 | 0 |
Literature - British Literature | 0 | 2 | 0 | 0 | 20 | 83 | 86.00 | 0 | 0 |
Literature - European Literature | 0 | 2 | 0 | 0 | 20 | 71 | 77.00 | 0 | 1 |
History - American History | 0 | 2 | 0 | 0 | 20 | 63 | 63.50 | 0 | 0 |
Pop Culture | 0 | 2 | 0 | 0 | 20 | 27 | 30.50 | 1 | 1 |
History - European History | 0 | 2 | 0 | 1 | 20 | 48 | 55.00 | 0 | 0 |
Science - Other Science | 0 | 2 | 0 | 0 | 20 | 57 | 83.00 | 0 | 0 |
Literature - World Literature | 0 | 1 | 0 | 0 | 10 | 75 | 75.00 | 0 | 1 |
Fine Arts - Other Fine Arts | 0 | 1 | 0 | 0 | 10 | 81 | 81.00 | 0 | 0 |
Painting/Sculpture | 0 | 1 | 0 | 0 | 10 | 92 | 92.00 | 0 | 0 |
Religion | 0 | 1 | 0 | 0 | 10 | 90 | 90.00 | 0 | 0 |
History - Other History | 0 | 1 | 1 | 1 | 5 | 113 | 113.00 | 0 | 0 |